|
|
|
|
| LEADER |
00000naa2a2200000 4500 |
| 001 |
633469 |
| 005 |
20250425150315.0 |
| 035 |
|
|
|a (RuTPU)RU\TPU\conf\35217
|
| 035 |
|
|
|a RU\TPU\conf\35216
|
| 090 |
|
|
|a 633469
|
| 100 |
|
|
|a 20210923d2021 k y0rusy50 ca
|
| 101 |
0 |
|
|a rus
|
| 102 |
|
|
|a RU
|
| 135 |
|
|
|a drcn ---uucaa
|
| 181 |
|
0 |
|a i
|
| 182 |
|
0 |
|a b
|
| 200 |
1 |
|
|a Фациальные условия накопления ооидовых железняков Лисаковского месторождения (Тургайский прогиб, Северный Казахстан)
|f Н. А. Калинина, М. А. Рудмин
|g науч. рук. М. А. Рудмин
|
| 203 |
|
|
|a Текст
|c электронный
|
| 225 |
1 |
|
|a Месторождения полезных ископаемых. Современные технологии и методы поисков и разведки МПИ. Геоинформационные системы в геологии
|
| 300 |
|
|
|a Заглавие с экрана
|
| 320 |
|
|
|a [Библиогр.: с. 96 (8 назв.)]
|
| 338 |
|
|
|b Российский научный фонд
|d 20-77-00007
|
| 461 |
|
1 |
|0 (RuTPU)RU\TPU\conf\35202
|t Проблемы геологии и освоения недр
|l Problems of Geology and Subsurface Development
|o труды XXV Международного симпозиума имени академика М. А. Усова студентов и молодых учёных, посвященного 120-летию горногеологического образования в Сибири, 125-летию со дня основания Томского политехнического университета, Томск, 5-9 апреля 2021 г.
|o в 2 т.
|f Национальный исследовательский Томский политехнический университет, Инженерная школа природных ресурсов ; гл. ред. Н. В. Гусева ; под ред. Е. Ю. Пасечник
|d 2021
|
| 463 |
|
1 |
|0 (RuTPU)RU\TPU\conf\35203
|t Т. 1
|v [С. 95-96]
|d 2021
|
| 610 |
1 |
|
|a труды учёных ТПУ
|
| 610 |
1 |
|
|a электронный ресурс
|
| 610 |
1 |
|
|a фациальные условия
|
| 610 |
1 |
|
|a железняки
|
| 610 |
1 |
|
|a Лисаковское месторождение
|
| 610 |
1 |
|
|a Тургайский прогиб
|
| 610 |
1 |
|
|a Северный Казахстан
|
| 610 |
1 |
|
|a ооидовые железняки
|
| 610 |
1 |
|
|a рудные залежи
|
| 610 |
1 |
|
|a накопление
|
| 700 |
|
1 |
|a Калинина
|b Н. А.
|g Наталья Андреевна
|f 1998-
|c горный инженер
|c техник Томского политехнического университета
|9 22865
|
| 701 |
|
1 |
|a Рудмин
|b М. А.
|c геолог
|c доцент Томского политехнического университета, кандидат геолого-минералогических наук
|f 1989-
|g Максим Андреевич
|3 (RuTPU)RU\TPU\pers\30397
|9 14740
|
| 702 |
|
1 |
|a Рудмин
|b М. А.
|c геолог
|c инженер-исследователь Томского политехнического университета
|f 1989-
|g Максим Андреевич
|4 727
|
| 712 |
0 |
2 |
|a Национальный исследовательский Томский политехнический университет
|b Инженерная школа природных ресурсов
|b Отделение геологии
|3 (RuTPU)RU\TPU\col\23542
|
| 801 |
|
2 |
|a RU
|b 63413507
|c 20211029
|g RCR
|
| 850 |
|
|
|a 63413507
|
| 856 |
4 |
|
|u http://earchive.tpu.ru/handle/11683/68561
|
| 942 |
|
|
|c BK
|